00425 2200169 4500001002100000008004100021035002000062245005200082100001300134250000600147260004200153300001200195084001400207082000800221650001400229990001200243INLIS000000000000598 ind  a0010-0424000574 aKumpulan Soal - Soal Olimpiade FisikacTIM LOPI aTIM LOPI a1 aJakarta :bBina Prestasi Insanic2011 a196 hlm a530 TIM k a530 aNon Fiksi a0722400